Countries by Percentage of Forest Land Area - Statistics

General Stats
  • This quiz has been taken 1,016 times
  • The average score is 14 of 30
Answer Stats
Rank Percentage of Forest Land Country % Correct
29 56.10% Brazil
91%
16 65.70% Republic of the Congo
75%
13 69.00% Finland
72%
9 74.90% Sweden
72%
12 70.26% Guyana
64%
1 90.20% Suriname
64%
25 59.50% Malaysia
60%
11 71.60% Laos
59%
28 56.93% Panama
58%
23 60.00% Honduras
52%
10 71.98% Belize
51%
14 67.00% Japan
51%
6 85.00% Gabon
50%
21 63.60% Papua New Guinea
50%
19 64.00% South Korea
42%
18 64.50% Bhutan
41%
26 58.18% Equatorial Guinea
41%
22 63.25% North Korea
40%
5 87.15% Palau
37%
7 80.00% Solomon Islands
37%
17 65.00% Dominica
36%
4 89.12% Tuvalu
36%
20 63.64% Burma
35%
8 78.00% Mozambique
33%
2 89.74% Micronesia
32%
15 66.35% Zimbabwe
32%
3 89.45% Seychelles
28%
27 57.36% Guinea-Bissau
25%
24 59.80% Slovenia
25%
30 56.00% Spain
19%
No matching quizzes found
Score Distribution
Percent of People with Each Score
Percentile by Number Answered
Your Score History
You have not taken this quiz